Normal view
MARC view
- Fareed,Hasan
Entry Personal Name
001 - CONTROL NUMBER
- control field: 8518
003 - CONTROL NUMBER IDENTIFIER
- control field: NUST
005 - DATE AND TIME OF LATEST TRANSACTION
- control field: 20180117111805.0
008 - FIXED-LENGTH DATA ELEMENTS
- fixed length control field: 180117|| aca||aabn | a|a d
040 ## - CATALOGING SOURCE
- Original cataloging agency: NUST
- Transcribing agency: NUST
100 ## - HEADING--PERSONAL NAME
- Personal name: Fareed,Hasan
670 ## - SOURCE DATA FOUND
- Source citation: Work cat.: (NUST): Fareed,Hasan, Effect of SRT and Bio-Carriers on Performance of a Full Scale MBR plant, 2017.
